Nízke Tatry Vrbické pleso 1111 m n. m.

Bibliographic Details
Format: Postcard
Language:Slovak
PhysicalDescription:1 pohľadnica čiernobiela 9 x 14 cm
Published: [Bratislava] Tatran 1949
Subjects:

MARC

LEADER 00000nkm a2200000 a 4500
001 vtls011569087
003 SK-MaSNL
005 20260512123428.0
007 kp bo
008 231214s1949 xo g kuslo
015 |a SNBG1949 
035 |a urn:nbn:sk:snk-km00bzij 
035 |a urn:nbn:sk:snk-km3lotq 
035 |a BBDA26E4-5447-45BB-870A-F960C2B89762 
040 |a SNK  |b slo  |c SNK  |e AACR2 
041 0 |a slo 
043 |a e-xo--- 
044 |a xo  |c SK 
080 |a 908(437.6)  |2 2011 
080 |a 911.2(23.0)  |2 2011 
080 |a 551.4.035  |2 2011 
080 |a 551.24.055  |2 2011 
080 |a (234.372.4)  |2 2011 
080 |a (084.121)  |2 2011 
080 |a 551.332.56  |2 2011 
245 0 0 |a Nízke Tatry  |h grafika  |b Vrbické pleso 1111 m n. m. 
260 |a [Bratislava]  |b Tatran  |c 1949 
300 |a 1 pohľadnica  |b čiernobiela  |c 9 x 14 cm 
650 0 7 |a pohoria  |2 SNKPH  |9 44054 
650 0 7 |a vrchy a štíty  |2 SNKPH  |9 165131 
650 0 7 |a horské plesá  |2 SNKPH  |9 171908 
651 7 |a Nízke Tatry (Slovensko : pohorie)  |2 SNKPH  |9 173011 
651 7 |a Vrbické pleso (Nízke Tatry, Slovensko)  |2 SNKPH  |9 17539 
655 7 |a miestne pohľadnice  |2 SNKPH  |9 70510 
655 7 |a geografické pohľadnice  |2 SNKPH  |9 70522 
852 |a Slovenská národná knižnica 
958 |a GC 
958 |a GBN 
958 |a OND 
999 |c 760523  |d 762453 
952 |a SNK  |b SNK  |y PREZ  |7 0  |p 17A1197203  |o snkSP 26790  |0 0  |1 0  |4 0  |d 2016-07-22  |f 1  |l 0  |r 2026-02-24 00:02:47  |w 2026-02-24